[Event "FRA-chT2 0304a"]
[Site "France"]
[Date "2004.04.03"]
[Round "10.1"]
[White "Miladinovic, Igor"]
[Black "Vernhes, Pierre"]
[Result "1-0"]
[WhiteElo "2599"]
[BlackElo "2056"]
[PlyCount "101"]
[EventDate "2003.10.??"]
[EventType "team"]
[EventRounds "11"]
[EventCountry "FRA"]
[SourceTitle "EXT 2005"]
[Source "ChessBase"]
[SourceDate "2004.11.15"]
[SourceVersion "1"]
[SourceVersionDate "2004.11.15"]
[SourceQuality "1"]
[WhiteTeam "Antibes"]
[BlackTeam "Eybens"]
[WhiteTeamCountry "FRA"]
[BlackTeamCountry "FRA"]

1. d4 Nf6 2. Bg5 b6 3. Bxf6 exf6 4. e3 Bb7 5. Nf3 Nc6 6. a3 g6 7. c4 Bg7 8. Nc3 0-0 9. g3 Ne7 10. Bg2 d5 11. cxd5 Nxd5 12. Nxd5 Bxd5 13. 0-0 Qd7 14. Rc1 Rac8 15. Ne1 Bxg2 16. Nxg2 f5 17. Qb3 Rfd8 18. Rfd1 c5 19. dxc5 Rxc5 20. Nf4 Rxc1 21. Rxc1 Qd2 22. Rc2 Qd1+ 23. Kg2 Rd2 24. Rxd2 Qxd2 25. Nd3 Bf6 26. a4 Kg7 27. Qb5 Qc2 28. b3 Qc7 29. Qd5 Qd8 30. Qxd8 Bxd8 31. Nb4 Bc7 32. Nc6 a5 33. Ne7 Kf8 34. Nd5 Bd8 35. Kf3 Ke8 36. Ke2 Kd7 37. Kd3 Kc6 38. Kc4 Kd6 39. Nc3 Kc6 40. Nb5 Bf6 41. Nd4+ Kd7 42. Kd5 Kc7 43. h4 f4 44. exf4 Bxd4 45. Kxd4 Kc6 46. g4 b5 47. g5 bxa4 48. bxa4 Kd6 49. Kc4 Kc6 50. f3 Kb6 51. Kd5 1-0

[Event "FRA-chT2 0304"]
[Site "France"]
[Date "2003.12.07"]
[Round "4"]
[White "Vernhes, Pierre"]
[Black "Renaze, Luc"]
[Result "0-1"]
[WhiteElo "2056"]
[BlackElo "2265"]
[PlyCount "83"]
[EventDate "2003.10.??"]
[EventType "team"]
[EventRounds "11"]
[EventCountry "FRA"]
[SourceTitle "EXT 2005"]
[Source "ChessBase"]
[SourceDate "2004.11.15"]
[SourceVersion "1"]
[SourceVersionDate "2004.11.15"]
[SourceQuality "1"]

1. e4 e5 2. Nc3 Nf6 3. Bc4 Be7 4. d3 0-0 5. f4 d6 6. Nf3 Nc6 7. f5 Na5 8. 0-0 c6 9. a3 Nxc4 10. dxc4 a6 11. Qe2 b5 12. Rd1 Qc7 13. Bg5 Bb7 14. Rd2 Rac8 15. Rad1 Rfd8 16. Kh1 h6 17. Bh4 Nh5 18. Bxe7 Qxe7 19. c5 Nf4 20. cxd6 Rxd6 21. Qe3 Rxd2 22. Qxd2 c5 23. Qd7 Rc7 24. Qxe7 Rxe7 25. Nd5 Nxd5 26. exd5 f6 27. Kg1 Rd7 28. d6 Be4 29. Nh4 c4 30. c3 Bd3 31. a4 bxa4 32. Ra1 Bc2 33. Rc1 Bb3 34. Nf3 Rxd6 35. Kf2 Bd1 36. g4 Rd3 37. Ne1 Rd2+ 38. Ke3 Re2+ 39. Kf3 Rxe1+ 40. Kf2 Re2+ 41. Kf1 Rd2 42. Ke1 0-1

[Event "FRA-chT2 0304a"]
[Site "France"]
[Date "2003.11.16"]
[Round "3.3"]
[White "Gachet, Sebastien"]
[Black "Vernhes, Pierre"]
[Result "1-0"]
[WhiteElo "2278"]
[BlackElo "2056"]
[PlyCount "88"]
[EventDate "2003.10.??"]
[EventType "team"]
[EventRounds "11"]
[EventCountry "FRA"]
[SourceTitle "EXT 2005"]
[Source "ChessBase"]
[SourceDate "2004.11.15"]
[SourceVersion "1"]
[SourceVersionDate "2004.11.15"]
[SourceQuality "1"]
[WhiteTeam "Nice Alekhine"]
[BlackTeam "Eybens"]
[WhiteTeamCountry "FRA"]
[BlackTeamCountry "FRA"]

1. e4 c5 2. Nf3 Nc6 3. d4 cxd4 4. Nxd4 g6 5. c4 Bg7 6. Be3 Nf6 7. Nc3 0-0 8. Be2 d6 9. 0-0 Bd7 10. f3 Nxd4 11. Bxd4 Bc6 12. b4 b6 13. Qd2 Qd7 14. a4 Qb7 15. a5 Rfc8 16. a6 Qc7 17. Rac1 Rab8 18. Rfd1 Nd7 19. Nd5 Bxd4+ 20. Qxd4 Bxd5 21. exd5 b5 22. f4 bxc4 23. Rxc4 Qb6 24. Qxb6 Nxb6 25. Rc6 Rxc6 26. dxc6 Rc8 27. Bf3 Rc7 28. g4 Kg7 29. b5 Kf6 30. Kf2 Na4 31. Ra1 Nb6 32. g5+ Kg7 33. Rd1 Na4 34. Rd4 Nb6 35. Ke3 Kg8 36. Kd3 Kg7 37. Kc3 Kf8 38. Kb4 Kg7 39. Bg4 Kf8 40. f5 gxf5 41. Bxf5 Kg7 42. Rh4 Nd5+ 43. Ka5 e6 44. Rxh7+ Kg8 1-0

[Event "Cannes op"]
[Site "Cannes"]
[Date "2000.02.23"]
[Round "4"]
[White "Horber, Jean Marc"]
[Black "Vernhes, Pierre"]
[Result "1-0"]
[WhiteElo "2105"]
[BlackElo "2011"]
[PlyCount "61"]
[EventDate "2000.02.20"]
[EventType "swiss"]
[EventRounds "9"]
[EventCountry "FRA"]
[SourceTitle "EXT 2001"]
[Source "ChessBase"]
[SourceDate "2000.11.22"]
[SourceVersion "1"]
[SourceVersionDate "2000.11.22"]
[SourceQuality "1"]

1. d4 Nf6 2. c4 g6 3. Nc3 d5 4. Nf3 Bg7 5. Qb3 dxc4 6. Qxc4 0-0 7. e4 a6 8. Qb3 b5 9. Be2 Bb7 10. e5 Nfd7 11. e6 fxe6 12. h4 Bxf3 13. Qxe6+ Kh8 14. Bxf3 Rxf3 15. gxf3 Bxd4 16. Qd5 Bxc3+ 17. bxc3 c6 18. Qd3 Qe8 19. Bh6 Nf6 20. Rd1 Nbd7 21. 0-0 Ne5 22. Qe3 Nc4 23. Qe6 Nd5 24. Rd4 Rd8 25. Re1 Rd6 26. Qg4 e5 27. Rxc4 bxc4 28. Rxe5 Qd8 29. Qxc4 Nb6 30. Qf7 Rd1+ 31. Kg2 1-0

[Event "Cannes op"]
[Site "Cannes"]
[Date "2000.02.22"]
[Round "3"]
[White "Vernhes, Pierre"]
[Black "Paci, Cedric"]
[Result "0-1"]
[WhiteElo "2011"]
[BlackElo "2157"]
[PlyCount "22"]
[EventDate "2000.02.20"]
[EventType "swiss"]
[EventRounds "9"]
[EventCountry "FRA"]
[SourceTitle "EXT 2001"]
[Source "ChessBase"]
[SourceDate "2000.11.22"]
[SourceVersion "1"]
[SourceVersionDate "2000.11.22"]
[SourceQuality "1"]

1. e4 e6 2. d3 d5 3. Nd2 Nf6 4. Ngf3 b6 5. g3 dxe4 6. dxe4 Bb7 7. e5 Nfd7 8. Nc4 Nc6 9. Bf4 Be7 10. Bg2 g5 11. Bxg5 Bxg5 0-1

[Event "Cannes op"]
[Site "Cannes"]
[Date "2000.02.20"]
[Round "1"]
[White "Vernhes, Pierre"]
[Black "Ricci, Marco"]
[Result "1/2-1/2"]
[WhiteElo "2011"]
[BlackElo "2162"]
[PlyCount "51"]
[EventDate "2000.02.20"]
[EventType "swiss"]
[EventRounds "9"]
[EventCountry "FRA"]
[SourceTitle "EXT 2001"]
[Source "ChessBase"]
[SourceDate "2000.11.22"]
[SourceVersion "1"]
[SourceVersionDate "2000.11.22"]
[SourceQuality "1"]

1. e4 e6 2. d3 d5 3. Nd2 Nf6 4. Ngf3 Nc6 5. c3 e5 6. Be2 Be7 7. 0-0 0-0 8. Qc2 a5 9. h3 h6 10. Rd1 Be6 11. Nf1 Bc5 12. Be3 Qe7 13. Bxc5 Qxc5 14. Nxe5 Nd4 15. Qd2 Nxe2+ 16. Qxe2 dxe4 17. d4 Qb6 18. Ne3 Rfe8 19. Nf1 Bf5 20. Ne3 Bh7 21. Rd2 Rad8 22. Rad1 Qe6 23. Qc4 Qxc4 24. N5xc4 b6 25. d5 Rb8 26. d6 1/2-1/2

[Event "Clermont Ferrand op"]
[Site "Clermont Ferrand "]
[Date "1997.02.20"]
[Round "1"]
[White "Sojka, Bernard"]
[Black "Vernhes, Pierre"]
[Result "1-0"]
[WhiteElo "1890"]
[BlackElo "1570"]
[PlyCount "59"]
[EventDate "1997.02.??"]
[EventType "swiss"]
[EventRounds "9"]
[EventCountry "FRA"]
[SourceTitle "EXT 2004"]
[Source "ChessBase"]
[SourceDate "2003.11.25"]
[SourceVersion "1"]
[SourceVersionDate "2003.11.25"]
[SourceQuality "1"]

1. e3 Nf6 2. c4 c5 3. Nc3 Nc6 4. a3 a5 5. Nf3 d6 6. Be2 Bg4 7. h3 Bf5 8. d3 g6 9. 0-0 Bg7 10. Nh2 0-0 11. f4 Ne8 12. g4 Be6 13. Qe1 Nc7 14. Qh4 Rb8 15. Ne4 b6 16. Nf3 h6 17. Ng3 Bd7 18. e4 Nd4 19. Nxd4 Bxd4+ 20. Kh1 h5 21. f5 Bf6 22. g5 Be5 23. Rg1 Qe8 24. Nxh5 gxh5 25. f6 Ne6 26. Qxh5 Ng7 27. Qh6 exf6 28. gxf6 Bxf6 29. Qxf6 Qe5 30. Rxg7+ 1-0